[Event "Open B"]
[Site "?"]
[Date "2008.08.23"]
[Round "1.19"]
[White "Studnicka"]
[Black "Soltys"]
[Result "0-1"]
[WhiteElo "1250"]
[BlackElo "1568"]
[PlyCount "60"]
[EventDate "2008.08.22"]
[SourceDate "2008.08.23"]

1. Nf3 Nf6 2. d4 d5 3. g3 e6 4. Bg2 c5 5. c3 Nbd7 6. Nbd2 Qc7 7. e3 b6 8. b3
Ba6 9. Bb2 Be7 10. Qc2 Rc8 11. Rc1 cxd4 12. exd4 O-O 13. c4 Bb4 14. O-O Rfe8
15. Rfe1 Ne4 16. Bf1 Ndf6 17. h3 Bb7 18. a3 Bxd2 19. Nxd2 Nxg3 20. fxg3 Qxg3+
21. Kh1 dxc4+ 22. Ne4 Nxe4 23. Rxe4 f5 24. Bg2 Bxe4 25. Bxe4 Qxh3+ 26. Kg1 fxe4
27. Qxe4 Qxb3 28. Qg2 Qe3+ 29. Kh1 c3 30. Ba1 Qxc1+ 0-1

[Event "OPEN B"]
[Site "?"]
[Date "2008.08.23"]
[Round "1.20"]
[White "Hatas, R."]
[Black "Starek, S."]
[Result "1/2-1/2"]
[WhiteElo "1564"]
[BlackElo "1250"]
[PlyCount "30"]
[EventDate "2008.08.23"]
[SourceDate "2008.08.23"]

1. e4 e6 2. d4 d5 3. Nd2 c5 4. c3 Nc6 5. Bb5 Qb6 6. Bxc6+ bxc6 7. exd5 cxd5 8.
Ne2 Bd6 9. O-O Nf6 10. Nf3 Ba6 11. Re1 Bxe2 12. Rxe2 O-O 13. Ne5 Bxe5 14. dxe5
Nd7 15. b3 Qa6 1/2-1/2

[Event "OPEN B"]
[Site "?"]
[Date "2008.08.23"]
[Round "1.15"]
[White "Mullerova, K."]
[Black "Fojtu, T."]
[Result "0-1"]
[WhiteElo "1250"]
[BlackElo "1603"]
[PlyCount "58"]
[EventDate "2008.08.23"]
[SourceDate "2008.08.23"]

1. e4 d6 2. Nf3 Nf6 3. Nc3 g6 4. h3 Bg7 5. d3 Nc6 6. Be2 O-O 7. Bg5 h6 8. Bh4
g5 9. Bg3 Nh7 10. d4 f5 11. d5 f4 12. Bh2 Ne5 13. O-O Bd7 14. Re1 Nf6 15. b3
Ng6 16. Bd3 g4 17. hxg4 Nxg4 18. Qd2 Nxh2 19. Nxh2 Ne5 20. a4 e6 21. Bc4 Nxc4
22. bxc4 Qh4 23. Nf3 Qg4 24. Rab1 b6 25. dxe6 Bxe6 26. e5 dxe5 27. Nxe5 Bxe5
28. Rxe5 f3 29. g3 Qh3 0-1

[Event "OPEN B"]
[Site "?"]
[Date "2008.08.23"]
[Round "1.24"]
[White "Brezinova, J."]
[Black "Zadnik, S."]
[Result "1-0"]
[WhiteElo "1497"]
[BlackElo "1100"]
[PlyCount "43"]
[EventDate "2008.08.23"]
[SourceDate "2008.08.23"]

1. e4 e5 2. Nc3 Nf6 3. Nf3 Nc6 4. h3 Bb4 5. a3 Ba5 6. b4 Bb6 7. Bb5 Nd4 8. d3
Nxb5 9. Nxb5 a6 10. Nc3 d6 11. Be3 Bxe3 12. fxe3 O-O 13. O-O b5 14. Nd5 Bb7 15.
Nxf6+ Qxf6 16. Qe1 Rfe8 17. Qg3 h6 18. Rf2 Re7 19. Raf1 Qe6 20. Nh4 g5 21. Rf6
Qd7 22. Rxh6 1-0

[Event "OPEN B"]
[Site "?"]
[Date "2008.08.23"]
[Round "1.25"]
[White "Kudrna, J."]
[Black "Skalicky, T."]
[Result "1-0"]
[WhiteElo "1000"]
[BlackElo "1493"]
[PlyCount "111"]
[EventDate "2008.08.23"]
[SourceDate "2008.08.23"]

1. d4 Nf6 2. e3 g6 3. Be2 Bg7 4. f4 d5 5. Nf3 c6 6. O-O O-O 7. a3 e6 8. c4 Nbd7
9. Nc3 Nb6 10. c5 Nbd7 11. b4 b6 12. Bb2 Rb8 13. Qc2 Re8 14. Ne5 Qc7 15. a4
bxc5 16. bxc5 Bb7 17. a5 a6 18. Na4 Bh6 19. Nb6 Nxe5 20. dxe5 Nd7 21. Bd4 Bf8
22. Bd3 Bc8 23. Rfc1 Bb7 24. Qe2 Nxb6 25. axb6 Qc8 26. Bxa6 Ra8 27. Bxb7 Qxb7
28. Rxa8 Rxa8 29. Qb2 Qa6 30. Ra1 Qxa1+ 31. Qxa1 Rxa1+ 32. Bxa1 Bxc5 33. Bd4
Bxb6 34. Bxb6 Kf8 35. Kf2 Ke7 36. Bc5+ Kd7 37. Ke2 Kc7 38. Kd3 Kb7 39. Kd4 Ka6
40. Bd6 Kb5 41. g4 Kb6 42. h4 Kb5 43. Bc5 Ka6 44. Kc3 Kb5 45. Bd6 Ka5 46. Kb3
Kb5 47. Bb4 c5 48. Bc3 Kc6 49. Ka4 Kb6 50. Ba5+ Ka6 51. Bd8 c4 52. Ba5 c3 53.
Bxc3 Kb6 54. Kb4 Kc6 55. Bd4 Kd7 56. Kb5 1-0

[Event "OPEN B"]
[Site "?"]
[Date "2008.08.23"]
[Round "1.26"]
[White "Riha, F."]
[Black "Pucholt, M."]
[Result "1-0"]
[WhiteElo "1469"]
[BlackElo "1000"]
[PlyCount "119"]
[EventDate "2008.08.23"]
[SourceDate "2008.08.23"]

1. e4 e5 2. Nf3 Nc6 3. Bc4 h6 4. d4 exd4 5. Nxd4 Nxd4 6. Qxd4 c5 7. Qc3 Qe7 8.
O-O d6 9. Re1 f6 10. Bf4 Be6 11. Nd2 g5 12. Bg3 h5 13. f3 h4 14. Bf2 Bg7 15.
Qb3 Bxc4 16. Nxc4 O-O-O 17. a4 Qc7 18. Na3 Ne7 19. c3 Nc6 20. Nb5 Qb8 21. Red1
Rd7 22. Qe6 Bf8 23. Bxc5 Rhh7 24. Bxd6 Bxd6 25. Rxd6 Nd8 26. Qxf6 a6 27. Qxg5
axb5 28. Qc5+ Rc7 29. Rxd8+ Kxd8 30. Qf8+ Kd7 31. Qxb8 bxa4 32. Rd1+ Kc6 33.
Qe8+ Rhd7 34. Qe6+ Kc5 35. Rd5+ Rxd5 36. Qxd5+ Kb6 37. Qd6+ Rc6 38. Qb4+ Kc7
39. Qxa4 Rb6 40. b3 Ra6 41. Qc4+ Rc6 42. Qd4 Rd6 43. Qxd6+ Kxd6 44. Kf2 Ke5 45.
Ke3 Ke6 46. Kd4 Kf6 47. b4 Ke6 48. c4 Kd6 49. f4 Ke6 50. b5 Kd6 51. f5 b6 52.
e5+ Kd7 53. Kd5 Kc7 54. Ke6 Kd8 55. f6 Ke8 56. Kd6 Kf7 57. e6+ Kxf6 58. e7 Kf7
59. Kd7 Kf6 60. e8=Q 1-0

[Event "OPEN B"]
[Site "?"]
[Date "2008.08.23"]
[Round "1.27"]
[White "Sadil, J."]
[Black "Mejzlik, J."]
[Result "0-1"]
[WhiteElo "1000"]
[BlackElo "1451"]
[PlyCount "40"]
[EventDate "2008.08.23"]
[SourceDate "2008.08.23"]

1. e4 d6 2. Nf3 Nf6 3. Nc3 g6 4. d4 Bg7 5. e5 dxe5 6. dxe5 Qxd1+ 7. Nxd1 Ng4 8.
Bf4 Nc6 9. Bb5 Bd7 10. Bxc6 Bxc6 11. h3 Bxf3 12. gxf3 Nxe5 13. Bxe5 Bxe5 14.
Ne3 Bxb2 15. Rb1 Bc3+ 16. Kf1 O-O-O 17. Kg2 Rd2 18. Rhd1 Rhd8 19. Kf1 Ba5 20.
Ke1 Rxd1+ 0-1

[Event "Open B"]
[Site "?"]
[Date "2008.08.23"]
[Round "1.28"]
[White "Sochurek"]
[Black "Studzinsky"]
[Result "1/2-1/2"]
[WhiteElo "1451"]
[BlackElo "1000"]
[PlyCount "34"]
[EventDate "2008.??.??"]

1. d4 Nf6 2. c4 c5 3. Nc3 g6 4. Nf3 Bg7 5. e4 cxd4 6. Nxd4 d6 7. h3 O-O 8. Be3
b6 9. Bd3 Bb7 10. O-O Na6 11. Rc1 Nc5 12. f3 Nxd3 13. Qxd3 Nd7 14. Qd2 Rc8 15.
b3 Nb8 16. Bh6 Nc6 17. Nxc6 Rxc6 1/2-1/2

[Event "Open B"]
[Site "?"]
[Date "2008.08.23"]
[Round "1.29"]
[White "Soltysova"]
[Black "Krejci"]
[Result "0-1"]
[WhiteElo "1250"]
[BlackElo "1438"]
[PlyCount "64"]
[EventDate "2008.??.??"]

1. e4 e5 2. Nf3 Nc6 3. Bc4 d6 4. O-O h6 5. d3 Bg4 6. h3 Bh5 7. Nc3 Nd4 8. g4
Nxf3+ 9. Qxf3 Bg6 10. Be3 Be7 11. a3 Bg5 12. b4 a6 13. b5 axb5 14. Bxb5+ c6 15.
Bc4 Qf6 16. Qxf6 Nxf6 17. Bxg5 hxg5 18. Kg2 Nd7 19. a4 f6 20. f3 Bf7 21. Bxf7+
Kxf7 22. Rab1 Ra7 23. Rfd1 Nc5 24. d4 exd4 25. Rxd4 Ne6 26. Rxd6 Nf4+ 27. Kf1
Rxh3 28. Rd7+ Kg6 29. Kf2 Rh2+ 30. Ke3 Rxc2 31. Rbxb7 Rxc3+ 32. Kd4 Ne2# 0-1

[Event "Open A"]
[Site "?"]
[Date "2008.08.24"]
[Round "2.1"]
[White "Vokac, M."]
[Black "Framberk, J."]
[Result "1-0"]
[WhiteElo "2451"]
[BlackElo "2054"]
[PlyCount "73"]
[EventDate "2008.08.22"]
[SourceDate "2008.08.24"]

1. d4 Nf6 2. c4 g6 3. Nc3 d5 4. Bg5 Ne4 5. Qc1 Nxg5 6. Qxg5 Bg7 7. cxd5 Bxd4 8.
Nf3 Bg7 9. e4 O-O 10. Rd1 h6 11. Qd2 Bg4 12. Be2 Nd7 13. O-O Bxf3 14. Bxf3 Ne5
15. Be2 h5 16. f4 Ng4 17. Bxg4 hxg4 18. Qe2 f5 19. e5 c6 20. Qc4 Qb6+ 21. Kh1
Kh7 22. dxc6 bxc6 23. Rd7 Rad8 24. Rxe7 Rd4 25. Qe2 Rfd8 26. e6 Qc5 27. Rf7 Rd2
28. Qe1 Qd4 29. Rb7 Qd3 30. Rg1 g3 31. Qe5 Rg8 32. Qf6 Qf3 33. Qh4+ Qh5 34.
Qxg3 Re8 35. Qe3 Rc2 36. Qd3 Rf2 37. Qd4 1-0

[Event "Open A"]
[Site "?"]
[Date "2008.08.24"]
[Round "2.2"]
[White "Voracek, Z."]
[Black "Vojta, T."]
[Result "0-1"]
[WhiteElo "2059"]
[BlackElo "2411"]
[PlyCount "52"]
[EventDate "2008.08.23"]
[SourceDate "2008.08.24"]

1. d4 d5 2. c4 dxc4 3. Nf3 Nf6 4. e3 Bg4 5. Bxc4 e6 6. h3 Bh5 7. Nbd2 Nbd7 8.
Qb3 Nb6 9. Bd3 Be7 10. Ne5 Qd5 11. Qxd5 Nfxd5 12. Bb5+ c6 13. Nxc6 bxc6 14.
Bxc6+ Kd8 15. Bxa8 Nxa8 16. a3 Nab6 17. b3 Kd7 18. Bb2 Rb8 19. g4 Bg6 20. Ke2
Na4 21. Bc1 Nac3+ 22. Kf3 Bh4 23. Re1 f5 24. Kg2 fxg4 25. hxg4 Rf8 26. Nf3 Rxf3
0-1

[Event "OPEN A"]
[Site "?"]
[Date "2008.08.24"]
[Round "2.3"]
[White "Studnicka, T."]
[Black "Boucek, V."]
[Result "1-0"]
[WhiteElo "2300"]
[BlackElo "2017"]
[Annotator "Voracek,Zdenek"]
[PlyCount "24"]
[EventDate "2008.08.23"]
[SourceDate "2008.08.24"]

1. d4 d5 2. c4 e6 3. Nc3 Nf6 4. cxd5 exd5 5. Bg5 Be7 6. e3 O-O 7. Bd3 c6 8. Qc2
Nbd7 9. Nge2 Re8 10. O-O Nf8 11. f3 N6d7 {Dale necitelne} 12. Bxe7 Rxe7 1-0

[Event "OPEN A"]
[Site "?"]
[Date "2008.08.24"]
[Round "2.4"]
[White "Taborsky, R."]
[Black "Matejovsky, O."]
[Result "1-0"]
[WhiteElo "2282"]
[BlackElo "2014"]
[PlyCount "95"]
[EventDate "2008.08.23"]
[SourceDate "2008.08.24"]

1. d4 d5 2. c4 e6 3. Nf3 Bb4+ 4. Bd2 Bxd2+ 5. Nbxd2 Nf6 6. g3 O-O 7. Bg2 Nbd7
8. Qc2 c6 9. O-O b6 10. e4 Nxe4 11. Nxe4 dxe4 12. Qxe4 Qc7 13. Ne5 Nxe5 14.
Qxe5 Qxe5 15. dxe5 Bb7 16. Rfd1 Rfd8 17. b4 Kf8 18. Rd6 Rxd6 19. exd6 Ke8 20.
c5 Kd7 21. Rb1 Rb8 22. Bf1 Ba8 23. Bd3 g6 24. f4 bxc5 25. bxc5 Rb7 26. Kf2 f6
27. Ke3 Rxb1 28. Bxb1 Bb7 29. Bd3 Bc8 30. Kd4 Kd8 31. h4 Ke8 32. Be4 Kd7 33. h5
gxh5 34. Bxh7 Ba6 35. Bd3 Bc8 36. Be2 Ke8 37. Bxh5+ Kf8 38. Bf3 Bd7 39. g4 Kf7
40. g5 e5+ 41. fxe5 fxg5 42. a3 g4 43. e6+ Bxe6 44. Bxc6 g3 45. Bg2 Ke8 46. c6
Kd8 47. Ke5 Bg4 48. Kf4 1-0

[Event "Open A"]
[Site "?"]
[Date "2008.08.24"]
[Round "2.5"]
[White "Vavrinec, T."]
[Black "Stastny, J."]
[Result "0-1"]
[WhiteElo "2051"]
[BlackElo "2217"]
[PlyCount "44"]
[EventDate "2008.08.22"]
[SourceDate "2008.08.24"]

1. d4 Nf6 2. Nc3 c5 3. d5 d6 4. e4 g6 5. Be2 Bg7 6. f4 O-O 7. Nf3 b5 8. e5 dxe5
9. fxe5 Ng4 10. Bxb5 Nxe5 11. O-O Nbd7 12. Bf4 c4 13. Qe2 Nxf3+ 14. Qxf3 Bxc3
15. bxc3 Qb6+ 16. Kh1 Qxb5 17. Rab1 Qc5 18. d6 Ba6 19. dxe7 Qxe7 20. Qc6 Qe6
21. Bd6 Rac8 22. Qxa6 Nc5 0-1

[Event "Open A"]
[Site "?"]
[Date "2008.08.24"]
[Round "2.6"]
[White "Cerny, M."]
[Black "Koper, S."]
[Result "1/2-1/2"]
[WhiteElo "2203"]
[BlackElo "2007"]
[Annotator "Øeøábek,Jaroslav"]
[PlyCount "69"]
[EventDate "2008.08.22"]
[SourceDate "2008.08.24"]

1. d4 d6 2. c4 g6 3. Nc3 Bg7 4. e4 Nc6 5. Be3 e5 6. Nge2 Nf6 7. f3 Nh5 8. d5
Ne7 9. g4 Nf6 10. Qd2 h5 11. g5 Nd7 12. Nc1 b6 13. Nd3 a5 14. Nb5 Ba6 15. Rc1
Nc5 16. Nf2 Bc8 17. Be2 Bd7 18. O-O O-O 19. Kh1 Nc8 20. Rfd1 Na7 21. Nc3 Qe7
22. b3 Kh7 23. Rb1 Rfb8 24. a3 a4 25. bxa4 Nxa4 26. Nxa4 Bxa4 27. Rg1 Nc8 28.
Qc1 Qd8 29. Nd1 Ne7 30. Nc3 Be8 31. Ra1 Ra7 32. Bf1 Rba8 33. Rg2 f6 34. a4 fxg5
35. Bxg5 {dale necitelny} 1/2-1/2

[Event "Open A"]
[Site "?"]
[Date "2008.08.24"]
[Round "2.7"]
[White "Fikr, L."]
[Black "Herejk, P."]
[Result "1/2-1/2"]
[WhiteElo "2037"]
[BlackElo "2212"]
[PlyCount "91"]
[EventDate "2008.08.22"]
[SourceDate "2008.08.24"]

1. Nf3 Nf6 2. g3 g6 3. Bg2 Bg7 4. O-O O-O 5. c4 d6 6. Nc3 Nc6 7. Rb1 e5 8. d3
a6 9. b4 Re8 10. Nd2 Rb8 11. a4 a5 12. b5 Nd4 13. Nb3 b6 14. Bg5 Ne6 15. Bd2
Nd7 16. Bd5 Ndc5 17. Nxc5 Nxc5 18. Ne4 Ne6 19. Qc1 Kh8 20. Kg2 Rf8 21. h4 f5
22. Ng5 Nxg5 23. Bxg5 Bf6 24. Rh1 Bb7 25. Bxb7 Rxb7 26. f4 h5 27. Re1 Bxg5 28.
hxg5 Qd7 29. Qc3 Qg7 30. Rf1 exf4 31. Qxg7+ Kxg7 32. gxf4 Rbb8 33. Rbe1 Rbe8
34. e4 fxe4 35. dxe4 Re7 36. Kf3 Rfe8 37. Re3 Kf7 38. Rfe1 Re6 39. Rd1 R6e7 40.
Rd5 Re6 41. Rdd3 R8e7 42. f5 Re5 43. f6 Re8 44. Rd5 R8e6 45. Kf4 Re8 46. Re2
1/2-1/2

[Event "Open A"]
[Site "?"]
[Date "2008.08.24"]
[Round "2.8"]
[White "Dvorak, M."]
[Black "Vanka, M."]
[Result "1/2-1/2"]
[WhiteElo "2001"]
[BlackElo "2184"]
[PlyCount "92"]
[EventDate "2008.08.22"]
[SourceDate "2008.08.24"]

1. e4 c5 2. Nf3 e6 3. d4 cxd4 4. Nxd4 a6 5. c4 Nf6 6. Nc3 Qc7 7. Bd3 Nc6 8. Be3
Bd6 9. Rc1 Nxd4 10. Bxd4 Bf4 11. Rc2 e5 12. Nd5 Nxd5 13. cxd5 Qd6 14. Bc5 Qg6
15. g3 Bg5 16. d6 Bd8 17. Qc1 O-O 18. O-O b6 19. Ba3 Bb7 20. f3 Bg5 21. Qe1
Rfc8 22. Rff2 Qh6 23. Rfe2 Rxc2 24. Bxc2 Rc8 25. h4 Bd8 26. Qf2 g5 27. Qe3 Qh5
28. hxg5 Bxg5 29. Qf2 Qh6 30. Kg2 Bd8 31. Re1 Rc4 32. Rh1 Qg6 33. Rd1 Qf6 34.
b3 Rc6 35. Bd3 Qg7 36. Bc4 Rc8 37. Bb2 b5 38. Bd5 Bxd5 39. Rxd5 f6 40. Rc5 Rb8
41. Qc2 Qf8 42. Qd3 Bb6 43. Rc2 Rc8 44. Rd2 Rc6 45. f4 exf4 46. gxf4 Qf7
1/2-1/2

[Event "OPEN A"]
[Site "?"]
[Date "2008.08.24"]
[Round "2.9"]
[White "Fojtu, P."]
[Black "Pataridis, J."]
[Result "1-0"]
[WhiteElo "2176"]
[BlackElo "2000"]
[PlyCount "95"]
[EventDate "2008.08.23"]
[SourceDate "2008.08.24"]

1. d4 Nf6 2. c4 g6 3. g3 c5 4. d5 d6 5. Nc3 Bg7 6. Bg2 O-O 7. e4 e6 8. Nge2 e5
9. O-O Ne8 10. f4 f5 11. fxe5 dxe5 12. Be3 b6 13. exf5 gxf5 14. d6 e4 15. Qd5+
Kh8 16. Qxa8 Bd7 17. Qd5 Nf6 18. Qd2 Ng4 19. Bg5 Qe8 20. h3 Ne5 21. Bh6 Qg6 22.
Bxg7+ Qxg7 23. b3 Nbc6 24. Kh1 Rg8 25. Nd5 Re8 26. Ne7 Nxe7 27. dxe7 Qxe7 28.
Qe3 Kg8 29. Rad1 Rf8 30. Nc3 Qg7 31. Nd5 Nc6 32. Rd2 Nd4 33. Nf4 Be8 34. Rfd1
Bf7 35. Kh2 Rd8 36. Ne2 Bh5 37. Nxd4 cxd4 38. Rxd4 Rf8 39. R1d2 Be8 40. Rd6 Qe7
41. Qd4 Qg5 42. Qe5 Qg7 43. Qxg7+ Kxg7 44. Kg1 Kf7 45. Kf2 Ke7 46. Ke3 h5 47.
Kf4 Rg8 48. R6d5 1-0

[Event "OPEN A"]
[Site "?"]
[Date "2008.08.24"]
[Round "2.10"]
[White "Cervenka, P."]
[Black "Hosticka, F."]
[Result "0-1"]
[WhiteElo "1985"]
[BlackElo "2172"]
[Annotator ",Jaroslav"]
[PlyCount "45"]
[EventDate "2008.08.23"]
[SourceDate "2008.08.24"]

1. e4 Nf6 2. Nc3 d5 3. e5 Ne4 4. Bd3 Nc5 5. f4 Nxd3+ 6. cxd3 Bf5 7. Qf3 e6 8.
Nge2 Qh4+ 9. Ng3 Nc6 10. Nb5 O-O-O 11. O-O Bc5+ 12. d4 Nxd4 13. Nxd4 Bxd4+ 14.
Kh1 Qg4 15. Nxf5 Qxf3 16. Ne7+ Kd7 17. Rxf3 Kxe7 18. Rd3 Bb6 19. b3 c5 20. Ba3
Rc8 21. Rc1 Kd7 22. f5 d4 23. g4 {Dale necitelne} 0-1

[Event "Open A"]
[Site "?"]
[Date "2008.08.24"]
[Round "2.11"]
[White "Pokorny, M."]
[Black "Kaiser, R."]
[Result "1-0"]
[WhiteElo "2172"]
[BlackElo "1960"]
[PlyCount "79"]
[EventDate "2008.08.22"]
[SourceDate "2008.08.24"]

1. e4 e5 2. Nf3 Nf6 3. Nxe5 d6 4. Nf3 Nxe4 5. d4 d5 6. Bd3 Nc6 7. O-O Be7 8.
Re1 Bf5 9. c4 Nb4 10. Bf1 dxc4 11. Bxc4 O-O 12. Bb3 c6 13. Nc3 Nf6 14. Bg5 h6
15. Bh4 a5 16. Ne5 Nfd5 17. Nxd5 Nxd5 18. Bxe7 Nxe7 19. Qf3 Be6 20. Bxe6 fxe6
21. Qg4 Rf6 22. Rad1 Qd5 23. a3 Raf8 24. Rd2 Rf4 25. Qh3 R8f6 26. Qe3 Qd6 27.
g3 Nd5 28. Qd3 R4f5 29. f4 h5 30. Ree2 h4 31. Nf3 hxg3 32. hxg3 Rh5 33. Rh2
Rfh6 34. Rxh5 Rxh5 35. Rh2 Rxh2 36. Kxh2 Nf6 37. Qe2 Ne8 38. Ng5 Nc7 39. Qh5
Qxd4 40. Qf7+ 1-0

[Event "OPEN A"]
[Site "?"]
[Date "2008.08.24"]
[Round "2.12"]
[White "Straka, V."]
[Black "Postupa, P."]
[Result "1-0"]
[WhiteElo "1978"]
[BlackElo "2139"]
[PlyCount "49"]
[EventDate "2008.08.23"]
[SourceDate "2008.08.24"]

1. d4 Nf6 2. c4 g6 3. Nc3 d5 4. cxd5 Nxd5 5. e4 Nxc3 6. bxc3 Bg7 7. Nf3 c5 8.
Rb1 O-O 9. Be2 Nc6 10. Be3 cxd4 11. cxd4 Qa5+ 12. Bd2 Qxa2 13. d5 Ne5 14. Nxe5
Bxe5 15. f4 Bg7 16. Bb4 b6 17. O-O Ba6 18. Bxa6 Qxa6 19. Bxe7 Rfe8 20. d6 Qc4
21. e5 Bf8 22. Bf6 Re6 23. Rc1 Qb5 24. d7 Rxf6 25. Rc8 1-0

[Event "Open A"]
[Site "?"]
[Date "2008.08.24"]
[Round "2.13"]
[White "Vojta, P."]
[Black "Muzikar, M."]
[Result "1-0"]
[WhiteElo "2137"]
[BlackElo "1837"]
[PlyCount "107"]
[EventDate "2008.08.22"]
[SourceDate "2008.08.24"]

1. d4 d5 2. c4 e6 3. Nf3 Nf6 4. Bg5 Nbd7 5. e3 c6 6. Nc3 Qa5 7. Nd2 Bb4 8. Qc2
O-O 9. Be2 Re8 10. O-O dxc4 11. Bxf6 Nxf6 12. Nxc4 Qc7 13. Bf3 Nd7 14. Rac1 e5
15. Be4 h6 16. d5 Bxc3 17. d6 Qd8 18. Qxc3 Nf6 19. Qd3 Nxe4 20. Qxe4 f5 21. Qc2
Bd7 22. Qb3 Be6 23. Qxb7 Bxc4 24. Rxc4 Qxd6 25. Rxc6 Rab8 26. Qxg7+ Kxg7 27.
Rxd6 Rxb2 28. Rd7+ Kf6 29. Rxa7 Rd8 30. h4 Rbd2 31. a4 Kg6 32. g3 R2d7 33. Rxd7
Rxd7 34. Rb1 Ra7 35. Rb6+ Kg7 36. Rb4 e4 37. f3 exf3 38. Kf2 Ra6 39. Kxf3 Kf6
40. Kf4 Ke6 41. e4 fxe4 42. Rxe4+ Kf6 43. g4 Ra5 44. Ke3 Ra6 45. Kd3 Rb6 46.
Kc4 Rb8 47. a5 Rb1 48. Kc5 Rb8 49. a6 Rb1 50. Ra4 Rc1+ 51. Kb6 Rb1+ 52. Ka5 Re1
53. a7 Re8 54. Kb6 1-0

[Event "Open A"]
[Site "?"]
[Date "2008.08.24"]
[Round "2.14"]
[White "Petrun, M."]
[Black "Ruzicka, Z."]
[Result "1-0"]
[WhiteElo "1923"]
[BlackElo "2107"]
[PlyCount "67"]
[EventDate "2008.08.22"]
[SourceDate "2008.08.24"]

1. e4 d6 2. d4 Nf6 3. Nc3 g6 4. Be2 Bg7 5. Be3 c6 6. Qd2 h6 7. h3 b5 8. a3 a6
9. Nf3 Bb7 10. Rd1 a5 11. b4 axb4 12. axb4 Na6 13. e5 dxe5 14. Nxe5 Nxb4 15.
Nxb5 Nbd5 16. Nc3 Nxe3 17. fxe3 c5 18. Bb5+ Kf8 19. O-O cxd4 20. exd4 Rc8 21.
Ra1 h5 22. Ra7 Qb6 23. Rxf6 Qxa7 24. Rxf7+ Kg8 25. Rxe7 Bxe5 26. Rxe5 Rh7 27.
Ne2 Qb6 28. Qe3 Rg7 29. Bd3 Qc6 30. d5 Qc5 31. Nd4 Bxd5 32. c4 Qc7 33. Rxd5 Re7
34. Qg5 1-0

[Event "Open A"]
[Site "?"]
[Date "2008.08.24"]
[Round "2.15"]
[White "Fojtu, J."]
[Black "Vitous, M."]
[Result "1-0"]
[WhiteElo "2107"]
[BlackElo "1910"]
[PlyCount "41"]
[EventDate "2008.08.22"]
[SourceDate "2008.08.24"]

1. e4 c5 2. Nf3 d6 3. d4 cxd4 4. Nxd4 Nf6 5. Bd3 a6 6. c4 Nbd7 7. Nc3 e6 8. Be3
Qc7 9. Rc1 b6 10. f3 Bb7 11. O-O Be7 12. b4 Ne5 13. Be2 O-O 14. f4 Nc6 15. Bf3
Rfd8 16. Nd5 exd5 17. cxd5 Rac8 18. dxc6 Ba8 19. Qa4 Ne8 20. Qxa6 Bf6 21. Nb5
1-0

[Event "Open A"]
[Site "?"]
[Date "2008.08.24"]
[Round "2.16"]
[White "Vorackova, J."]
[Black "Hadzala, D."]
[Result "0-1"]
[WhiteElo "1905"]
[BlackElo "2127"]
[PlyCount "46"]
[EventDate "2008.08.22"]
[SourceDate "2008.08.24"]

1. d4 Nf6 2. c4 d6 3. Nc3 Nbd7 4. e4 e5 5. d5 Be7 6. Bd3 O-O 7. Nge2 Ne8 8. O-O
Bg5 9. b4 a5 10. Bxg5 Qxg5 11. a3 Ndf6 12. Qc1 Qh4 13. f3 Nh5 14. Qe3 g6 15. c5
Bd7 16. cxd6 axb4 17. axb4 Nxd6 18. Qc5 Rac8 19. Ra7 Nf4 20. Nxf4 Qxf4 21. Ne2
Qd2 22. Qc3 Qe3+ 23. Kh1 Qxa7 0-1

[Event "Open A"]
[Site "?"]
[Date "2008.08.24"]
[Round "2.17"]
[White "Zdenek, P."]
[Black "Skacel, J."]
[Result "1/2-1/2"]
[WhiteElo "1775"]
[BlackElo "2062"]
[PlyCount "68"]
[EventDate "2008.08.22"]
[SourceDate "2008.08.24"]

1. d4 Nf6 2. c4 g6 3. Nc3 Bg7 4. e4 d6 5. f3 e5 6. dxe5 dxe5 7. Qxd8+ Kxd8 8.
Bg5 c6 9. O-O-O+ Kc7 10. g3 Nbd7 11. Bh3 Re8 12. Be3 b6 13. Nge2 Ba6 14. b3 Nf8
15. Rd2 Rad8 16. Rhd1 Rxd2 17. Rxd2 Ne6 18. Kc2 Bc8 19. Bxe6 Bxe6 20. a4 Nd7
21. Nc1 a5 22. Nd3 Bf8 23. g4 Be7 24. h3 Rh8 25. f4 f6 26. f5 Bf7 27. Rd1 Rg8
28. Rg1 g5 29. Ne2 h5 30. Ng3 h4 31. Ne2 Rd8 32. Rd1 Nb8 33. Nc3 Na6 34. Na2
Rd7 1/2-1/2

[Event "OPEN A"]
[Site "?"]
[Date "2008.08.24"]
[Round "2.18"]
[White "Kozak, M."]
[Black "Vesecky, M."]
[Result "1-0"]
[WhiteElo "2209"]
[BlackElo "1957"]
[PlyCount "53"]
[EventDate "2008.08.23"]
[SourceDate "2008.08.24"]

1. Nf3 Nf6 2. c4 g6 3. Nc3 Bg7 4. g3 O-O 5. Bg2 c6 6. d4 d6 7. O-O Nbd7 8. e4
Qc7 9. h3 e5 10. Be3 exd4 11. Nxd4 Re8 12. Qc2 a5 13. Rad1 Nc5 14. Rfe1 Nfd7
15. b3 Nb6 16. f4 Bd7 17. Bf2 Re7 18. Nde2 Ne6 19. Qd2 Nc8 20. g4 b6 21. Bh4
Re8 22. e5 Ra7 23. exd6 Qb8 24. Ne4 Rf8 25. Nf6+ Kh8 26. Ng3 b5 27. Nge4 1-0

[Event "Open A"]
[Site "?"]
[Date "2008.08.24"]
[Round "2.19"]
[White "Lacina, F."]
[Black "Mejzlik, O."]
[Result "1/2-1/2"]
[WhiteElo "1949"]
[BlackElo "2190"]
[PlyCount "53"]
[EventDate "2008.08.22"]
[SourceDate "2008.08.24"]

1. d4 d5 2. Nf3 e6 3. c4 f5 4. Nc3 Nf6 5. Bg5 c6 6. e3 Bd6 7. Bd3 O-O 8. Ne5
Qc7 9. Bf4 Nbd7 10. Nxd7 Bxd7 11. Bxd6 Qxd6 12. c5 Qe7 13. f4 Ng4 14. Qf3 b6
15. Na4 e5 16. fxe5 Nxe5 17. dxe5 Qh4+ 18. Qg3 Qxa4 19. O-O bxc5 20. Rf4 Qa5
21. Raf1 Qxa2 22. Bxf5 Bxf5 23. Rxf5 Rxf5 24. Rxf5 Qxb2 25. Rf1 Qb7 26. e6 Rf8
27. Qd6 1/2-1/2

[Event "OPEN A"]
[Site "?"]
[Date "2008.08.24"]
[Round "2.20"]
[White "Groh, J."]
[Black "Sokol, R."]
[Result "0-1"]
[WhiteElo "2186"]
[BlackElo "1979"]
[PlyCount "90"]
[EventDate "2008.08.23"]
[SourceDate "2008.08.24"]

1. c4 c6 2. Nf3 d5 3. cxd5 cxd5 4. d4 Nf6 5. g3 e6 6. Bg2 Bd6 7. O-O O-O 8. Nc3
a6 9. Bg5 Nbd7 10. e4 dxe4 11. Nxe4 Be7 12. Nc3 h6 13. Bf4 Nb6 14. Qe2 Nbd5 15.
Bd2 b5 16. Ne5 Bb7 17. Rac1 Nxc3 18. Rxc3 Bxg2 19. Kxg2 Qxd4 20. Nc6 Qd5+ 21.
f3 Bc5 22. Rfc1 Qxc6 23. Rxc5 Qb7 24. Bc3 Nd5 25. Qe5 Nxc3 26. R1xc3 Rac8 27.
b4 Rxc5 28. Rxc5 Rd8 29. Rc2 Rd5 30. Qe4 Qd7 31. a3 Rd2+ 32. Rxd2 Qxd2+ 33. Kh3
Qd5 34. Qxd5 exd5 35. Kg4 f6 36. f4 Kf7 37. f5 Ke7 38. Kf4 h5 39. h3 Kd6 40. g4
h4 41. g5 fxg5+ 42. Kxg5 Ke5 43. Kxh4 Kf4 44. Kh5 Kxf5 45. h4 g6+ 0-1

[Event "OPEN A"]
[Site "?"]
[Date "2008.08.24"]
[Round "2.22"]
[White "Ptak, P."]
[Black "Adamik, F."]
[Result "1-0"]
[WhiteElo "2148"]
[BlackElo "1921"]
[PlyCount "45"]
[EventDate "2008.08.23"]
[SourceDate "2008.08.24"]

1. d4 c5 2. Nf3 cxd4 3. Nxd4 d6 4. g3 e5 5. Nb3 Be6 6. Bg2 Qc7 7. Nc3 Nc6 8.
O-O h6 9. Nd5 Qd8 10. a4 Nf6 11. a5 Nxd5 12. Bxd5 a6 13. f4 Bh3 14. Rf2 Qc7 15.
Be3 Be7 16. Qd2 Bf6 17. Rd1 Ne7 18. fxe5 dxe5 19. Bb6 Qc8 20. Bxb7 Qb8 21. Bxa8
O-O 22. Bg2 Bc8 23. Qd6 1-0

[Event "OPEN A"]
[Site "?"]
[Date "2008.08.24"]
[Round "2.23"]
[White "Krasnay, P."]
[Black "Feierfeil, J."]
[Result "1-0"]
[WhiteElo "2117"]
[BlackElo "1947"]
[PlyCount "85"]
[EventDate "2008.08.23"]
[SourceDate "2008.08.24"]

1. e4 c5 2. Nf3 d6 3. d4 cxd4 4. Nxd4 Nf6 5. Nc3 a6 6. f4 e6 7. Qf3 Be7 8. g4
Qc7 9. g5 Nfd7 10. Be3 Nc6 11. O-O-O b5 12. Bd3 Nc5 13. Kb1 Nxd3 14. cxd3 Bb7
15. h4 Nxd4 16. Bxd4 e5 17. Be3 Bc6 18. Rc1 Qb7 19. f5 b4 20. Nd5 Bxd5 21. exd5
f6 22. Qh5+ Kf8 23. Qf3 Kf7 24. g6+ Ke8 25. gxh7 Rxh7 26. Qg2 Kf8 27. Rc4 Rc8
28. Rhc1 Rxc4 29. Rxc4 a5 30. Bc1 Qd7 31. Qg6 Rh8 32. Rg4 Bd8 33. Rc4 Bb6 34.
h5 Bc5 35. h6 Kg8 36. Rg4 Rh7 37. Qxf6 Bd4 38. Qe6+ Qxe6 39. dxe6 e4 40. dxe4
Kf8 41. hxg7+ Bxg7 42. Rg6 Rh1 43. e7+ 1-0